[Event "5. ODEM U25 2008"]
[Site "Willingen GER"]
[Date "2008.05.14"]
[Round "6"]
[White "Gölz, Daniel"]
[Black "Schäfer, Alexander"]
[Result "1/2-1/2"]
[Termination "normal"]
[Board "6"]
[WhiteElo "2015"]
[BlackElo "1957"]
[PlyCount "99"]
[WhiteFideId "24626325"]
[BlackFideId "24615196"]
[EventCountry "GER"]
[EventRounds "9"]
[EventType "swiss"]
[EventDate "2008.05.10"]

1. e4 c5 2. c3 g6 3. d4 cxd4 4. cxd4 d5 5. exd5 Nf6 6. Bb5+ Bd7 7. Bc4 b5 8.
Bb3 Bg7 9. Bf4 Bg4 10. f3 Bd7 11. Ne2 O-O 12. O-O a5 13. a3 Na6 14. Be5 Qb6 15.
Nf4 Nc7 16. Nc3 b4 17. Ne4 bxa3 18. bxa3 Nxe4 19. Bxg7 Nc3 20. Qc2 Kxg7 21.
Qxc3 Nb5 22. Qc5 Qf6 23. Qc1 Nxd4 24. Bd1 Rfc8 25. Qd2 Nf5 26. Be2 Qd4+ 27.
Qxd4+ Nxd4 28. Bd3 Rc3 29. h4 Rac8 30. Rfe1 Kf8 31. Re5 Rc1+ 32. Rxc1 Rxc1+ 33.
Kf2 a4 34. Re4 Nc2 35. Rc4 Bf5 36. Bxf5 gxf5 37. Ne2 Rf1+ 38. Kg3 Nxa3 39. Rxa4
Nb5 40. Ra8+ Kg7 41. Re8 Kf6 42. Nf4 Nd6 43. Rd8 Rb1 44. Rg8 Rh1 45. Nd3 Rd1
46. Nc5 Ke5 47. Nd7+ Kd4 48. Rh8 Ke3 49. Rxh7 f4+ 50. Kg4 1/2-1/2

[Event "5. ODEM U25 2008"]
[Site "Willingen GER"]
[Date "2008.05.14"]
[Round "6"]
[White "Sieker, Roland"]
[Black "Pogan, Nicolas"]
[Result "1-0"]
[Termination "normal"]
[Board "7"]
[WhiteElo "2047"]
[BlackElo "2003"]
[PlyCount "75"]
[WhiteFideId "24600261"]
[BlackFideId "24673579"]
[EventCountry "GER"]
[EventRounds "9"]
[EventType "swiss"]
[EventDate "2008.05.10"]

1. e4 c6 2. Nf3 d5 3. exd5 cxd5 4. Ne5 Nc6 5. d4 Qb6 6. c3 Bf5 7. Qa4 f6 8. Nf3
e5 9. dxe5 Bc5 10. Bb5 Bxf2+ 11. Ke2 O-O-O 12. Rf1 Bc5 13. b4 Bc2 14. Qxc2
Qxb5+ 15. Ke1 Be7 16. Bf4 g6 17. Nd4 Nxd4 18. cxd4+ Qc4 19. Nc3 Bxb4 20. Rc1
Kd7 21. Kf2 Qxd4+ 22. Be3 Qh4+ 23. Kg1 Ke6 24. exf6 Nxf6 25. g3 Qc4 26. Qb2
Rhf8 27. Ne2 Ba3 28. Qxa3 Qxe2 29. Rce1 Qb5 30. Bh6+ Ne4 31. Bxf8 Rd7 32. Qf3
Rc7 33. Qg4+ Ke5 34. Bh6 Rc2 35. Qf4+ Ke6 36. Qf7+ Kd6 37. Bf8+ Kc6 38. Rf6+
1-0

[Event "5. ODEM U25 2008"]
[Site "Willingen GER"]
[Date "2008.05.14"]
[Round "6"]
[White "Schneider, Christian"]
[Black "Seyrich, Maximilian"]
[Result "1-0"]
[Termination "normal"]
[Board "8"]
[WhiteElo "2097"]
[BlackElo "1943"]
[PlyCount "43"]
[WhiteFideId "24613886"]
[BlackFideId "24622427"]
[EventCountry "GER"]
[EventRounds "9"]
[EventType "swiss"]
[EventDate "2008.05.10"]

1. Nc3 Nf6 2. e4 e5 3. f4 d6 4. Nf3 exf4 5. d4 Be7 6. Bxf4 O-O 7. Bd3 Nh5 8.
Be3 c5 9. O-O Nc6 10. d5 Nb4 11. e5 Nxd3 12. Qxd3 dxe5 13. Nxe5 a6 14. Ne4 f6
15. d6 Qe8 16. Qd5+ Kh8 17. dxe7 Qxe7 18. Bxc5 Be6 19. Bxe7 Bxd5 20. Nc3 Rfe8
21. Nxd5 fxe5 22. Nc7 1-0

[Event "5. ODEM U25 2008"]
[Site "Willingen GER"]
[Date "2008.05.14"]
[Round "6"]
[White "Lantzsch, Christian"]
[Black "Thanabalasingam, Ajandhan"]
[Result "1-0"]
[Termination "normal"]
[Board "9"]
[WhiteElo "2218"]
[BlackElo "1723"]
[PlyCount "35"]
[WhiteFideId "4659821"]
[BlackFideId "24601659"]
[EventCountry "GER"]
[EventRounds "9"]
[EventType "swiss"]
[EventDate "2008.05.10"]

1. d4 Nf6 2. Bg5 Ne4 3. Bh4 g5 4. f3 gxh4 5. fxe4 c5 6. e3 Bh6 7. Nd2 Nc6 8. d5
Ne5 9. Qh5 Bg7 10. c3 Qb6 11. O-O-O Qa5 12. Kb1 b5 13. Ngf3 Nxf3 14. gxf3 Bxc3
15. Nb3 Qa4 16. Rc1 Bb4 17. d6 c4 18. Qe5 1-0

[Event "5. ODEM U25 2008"]
[Site "Willingen GER"]
[Date "2008.05.14"]
[Round "6"]
[White "Bömelburg, Raphael"]
[Black "Kunze, Christopher"]
[Result "1-0"]
[Termination "normal"]
[Board "10"]
[WhiteElo "1852"]
[BlackElo "1942"]
[PlyCount "109"]
[WhiteFideId "24692441"]
[BlackFideId "4647998"]
[EventCountry "GER"]
[EventRounds "9"]
[EventType "swiss"]
[EventDate "2008.05.10"]

1. e4 c5 2. Nf3 Nc6 3. d3 g6 4. Nbd2 Bg7 5. g3 d6 6. Bg2 e6 7. O-O Nge7 8. Re1
O-O 9. h4 Rb8 10. Nh2 b5 11. f4 b4 12. Ndf3 d5 13. e5 Nf5 14. Nf1 a5 15. Be3
Nxe3 16. Nxe3 Qb6 17. Kh2 Ba6 18. Bh3 Rbe8 19. h5 a4 20. Ng4 a3 21. bxa3 bxa3
22. Nf6+ Bxf6 23. exf6 Qd8 24. Ne5 Nb8 25. hxg6 hxg6 26. Qc1 Qxf6 27. Qxa3 Kg7
28. Qxc5 Rh8 29. Ng4 Qf5 30. Qc3+ f6 31. Qc7+ Kf8 32. Kg2 Rxh3 33. Kxh3 Qh5+
34. Kg2 Qxg4 35. Rab1 e5 36. Rxb8 Bc8 37. Qh7 e4 38. dxe4 dxe4 39. Qh8+ Kf7 40.
Qh7+ Kf8 41. Rxe4 Qh3+ 42. Qxh3 Bxh3+ 43. Kxh3 Rxb8 44. a4 Rc8 45. a5 Rxc2 46.
Ra4 Rc7 47. a6 Ra7 48. Kg4 Ke7 49. Kf3 Kd6 50. Ke4 Kc5 51. Ra1 Kc4 52. Rc1+ Kb5
53. Kd5 Rd7+ 54. Ke6 Ra7 55. Ra1 1-0

[Event "5. ODEM U25 2008"]
[Site "Willingen GER"]
[Date "2008.05.14"]
[Round "6"]
[White "Wurm, Alexander"]
[Black "Richters, Marc"]
[Result "1/2-1/2"]
[Termination "normal"]
[Board "11"]
[WhiteElo "2068"]
[BlackElo "1961"]
[PlyCount "147"]
[WhiteFideId "24637246"]
[BlackFideId "24612332"]
[EventCountry "GER"]
[EventRounds "9"]
[EventType "swiss"]
[EventDate "2008.05.10"]

1. d4 Nf6 2. Nc3 d5 3. Bg5 e6 4. e4 dxe4 5. Nxe4 Be7 6. Bxf6 Bxf6 7. Nf3 O-O 8.
c3 b6 9. Qc2 Bb7 10. Bd3 Nd7 11. O-O-O Qe7 12. Kb1 g6 13. h4 Bg7 14. h5 c5 15.
hxg6 hxg6 16. dxc5 Nxc5 17. Nxc5 Qxc5 18. Nh4 Qg5 19. Be4 Bxe4 20. Qxe4 Rfd8
21. g3 b5 22. Nf3 Qc5 23. Rd2 Rab8 24. Rhd1 Rxd2 25. Rxd2 b4 26. c4 Rc8 27. b3
Bc3 28. Re2 Rd8 29. Qc2 Qh5 30. Ng1 Qh1 31. Qc1 Qh5 32. Qc2 Kg7 33. a4 Rd6 34.
Ka2 Qh1 35. Qb1 Qc6 36. Rc2 Qd7 37. Ne2 Rd1 38. Nxc3 Rxb1 39. Nxb1 Kf6 40. Nd2
Qd3 41. Kb2 Qd4+ 42. Ka2 Ke7 43. f3 f5 44. Kb1 Qc5 45. Ka2 e5 46. g4 Kd7 47.
Kb1 Kc6 48. gxf5 gxf5 49. Kc1 Qg1+ 50. Kb2 Kc5 51. Ka2 Qd4 52. Kb1 e4 53. fxe4
fxe4 54. Nxe4+ Qxe4 55. Kb2 Qd3 56. Rh2 Qd4+ 57. Ka2 Qd1 58. Kb2 Qf3 59. Rc2 a5
60. Ka2 Kd4 61. c5 Kd3 62. Kb2 Qf6+ 63. Kb1 Qe6 64. Kb2 Qc6 65. Kb1 Kd4 66. Kb2
Kd3 67. Kb1 Qh1+ 68. Kb2 Qd1 69. Rc4 Qd2+ 70. Kb1 Qd1+ 71. Kb2 Qe2+ 72. Kb1
Qd1+ 73. Kb2 Qd2+ 74. Kb1 1/2-1/2

[Event "5. ODEM U25 2008"]
[Site "Willingen GER"]
[Date "2008.05.14"]
[Round "6"]
[White "Häussler, Daniel"]
[Black "Hinz, Arne"]
[Result "0-1"]
[Termination "normal"]
[Board "12"]
[WhiteElo "1919"]
[BlackElo "1965"]
[PlyCount "104"]
[WhiteFideId "24631345"]
[BlackFideId "24634875"]
[EventCountry "GER"]
[EventRounds "9"]
[EventType "swiss"]
[EventDate "2008.05.10"]

1. d4 Nf6 2. c4 g6 3. Nc3 Bg7 4. e4 d6 5. f4 c5 6. d5 O-O 7. Nf3 e6 8. Be2 exd5
9. cxd5 Re8 10. Qc2 Na6 11. O-O Nb4 12. Qb1 Nbxd5 13. Nxd5 Nxd5 14. Bb5 Nf6 15.
Bxe8 Qxe8 16. Re1 d5 17. Qc2 Nxe4 18. Qxc5 Be6 19. Qa5 b6 20. Qa6 Qc6 21. Ne5
Qc5+ 22. Be3 d4 23. Nd3 Qc4 24. Qb7 Bd5 25. Rac1 Bxb7 26. Rxc4 Ba6 27. Rxd4
Bxd4 28. Bxd4 Bxd3 29. Re3 Bc2 30. Re2 Rc8 31. Bc3 Bd3 32. Re3 Rd8 33. Be5 f5
34. Bc7 Rd7 35. Be5 Bc4 36. g4 Rd1+ 37. Kg2 Bf1+ 38. Kf3 Rd3 39. Rxd3 Bxd3 40.
Ke3 Bc4 41. b3 Be6 42. Kd4 Kf7 43. Bb8 a6 44. Ke5 Nc3 45. a3 fxg4 46. Bc7 b5
47. Ba5 Ne2 48. Bd2 Bxb3 49. Kd6 h5 50. Kc5 h4 51. Kb4 Bc4 52. Be1 g3 0-1

[Event "5. ODEM U25 2008"]
[Site "Willingen GER"]
[Date "2008.05.14"]
[Round "6"]
[White "Stahnecker, Wieland"]
[Black "Kunz, André"]
[Result "0-1"]
[Termination "normal"]
[Board "13"]
[WhiteElo "1733"]
[BlackElo "1915"]
[PlyCount "88"]
[WhiteFideId "4694481"]
[BlackFideId "24623652"]
[EventCountry "GER"]
[EventRounds "9"]
[EventType "swiss"]
[EventDate "2008.05.10"]

1. e4 e5 2. Nf3 Nc6 3. Bb5 a6 4. Ba4 Nf6 5. O-O b5 6. Bb3 Be7 7. Re1 O-O 8. h3
Rb8 9. c3 d5 10. exd5 Nxd5 11. Nxe5 Nxe5 12. Rxe5 Bb7 13. d4 Bf6 14. Re1 Re8
15. Be3 b4 16. Qg4 a5 17. Bxd5 Bxd5 18. Nd2 bxc3 19. bxc3 c5 20. Rec1 Rb2 21.
Nb3 Re4 22. Qf5 g6 23. Qf3 Rxd4 24. Qxf6 Qxf6 25. cxd4 Bxb3 26. Rxc5 Be6 27.
Rxa5 Qd8 28. Rc5 Qa8 29. Rac1 Rxa2 30. d5 Bd7 31. Bh6 Ra1 32. Kh2 Rxc1 33. Bxc1
Kg7 34. Bf4 Qa4 35. Bg3 f5 36. Be5+ Kf7 37. f4 h6 38. Rc1 Ke7 39. d6+ Ke6 40.
Rc3 g5 41. Rf3 Bc6 42. Rf2 Qe4 43. Kg1 Qe3 44. Bg7 Bb5 0-1

[Event "5. ODEM U25 2008"]
[Site "Willingen GER"]
[Date "2008.05.14"]
[Round "6"]
[White "Billing, Alexander"]
[Black "Ludwig, Sebastian"]
[Result "0-1"]
[Termination "normal"]
[Board "14"]
[WhiteElo "1875"]
[BlackElo "2036"]
[PlyCount "80"]
[WhiteFideId "24624420"]
[BlackFideId "4692780"]
[EventCountry "GER"]
[EventRounds "9"]
[EventType "swiss"]
[EventDate "2008.05.10"]

1. e4 e6 2. d3 d5 3. Nd2 Nf6 4. Ngf3 Bc5 5. e5 Nfd7 6. g3 Bb6 7. Bg2 c5 8. Qe2
Nc6 9. Nf1 O-O 10. Bf4 f6 11. exf6 Qxf6 12. Ng5 Ba5+ 13. Nd2 Nb6 14. O-O e5 15.
Be3 d4 16. Nde4 Qe7 17. Bd2 Bxd2 18. Qxd2 Bg4 19. h3 Bh5 20. g4 Bg6 21. Ng3 h6
22. N5e4 Nd5 23. Ne2 Nf4 24. Nxf4 Rxf4 25. Rae1 Raf8 26. Ng3 Qh4 27. Bd5+ Kh8
28. Kg2 Qf6 29. Be4 Bxe4+ 30. Nxe4 Qh4 31. Qe2 Ne7 32. Nxc5 Rf3 33. Qxf3 Rxf3
34. Kxf3 Qxh3+ 35. Ke2 Qxg4+ 36. f3 Qc8 37. b4 b6 38. Ne4 Qxc2+ 39. Nd2 Nd5 40.
Rd1 Nc3+ 0-1

[Event "5. ODEM U25 2008"]
[Site "Willingen GER"]
[Date "2008.05.14"]
[Round "6"]
[White "Ludwig, Jan"]
[Black "Müller, Johannes"]
[Result "1-0"]
[Termination "normal"]
[Board "15"]
[WhiteElo "1957"]
[BlackElo "1719"]
[PlyCount "75"]
[WhiteFideId "24643289"]
[BlackFideId "24602191"]
[EventCountry "GER"]
[EventRounds "9"]
[EventType "swiss"]
[EventDate "2008.05.10"]

1. e4 c6 2. d4 d5 3. e5 Bf5 4. h4 h5 5. Bd3 Bxd3 6. Qxd3 e6 7. Nf3 c5 8. c3 Nc6
9. a3 Qb6 10. dxc5 Bxc5 11. O-O Qc7 12. Re1 Nge7 13. b4 Bb6 14. a4 a6 15. Bf4
Nf5 16. Nbd2 O-O 17. Nb3 Rac8 18. Rac1 Nce7 19. Nbd4 Qd7 20. Nxf5 Nxf5 21. a5
Ba7 22. Ng5 Rc4 23. Qf3 g6 24. g3 Rfc8 25. Red1 Qc6 26. Bd2 d4 27. Ne4 dxc3 28.
Rxc3 Rxc3 29. Bxc3 Kf8 30. b5 axb5 31. Bb2 Nxg3 32. Ba3+ Kg7 33. Qf6+ Kg8 34.
Rd8+ Rxd8 35. Qxd8+ Kg7 36. Bf8+ Kg8 37. Nf6+ Kh8 38. Bh6+ 1-0

[Event "5. ODEM U25 2008"]
[Site "Willingen GER"]
[Date "2008.05.14"]
[Round "6"]
[White "Roitzsch, Philippe"]
[Black "Neumair, Cedric"]
[Result "1/2-1/2"]
[Termination "normal"]
[Board "16"]
[WhiteElo "1971"]
[BlackElo "1844"]
[PlyCount "72"]
[WhiteFideId "24635529"]
[BlackFideId "4698304"]
[EventCountry "GER"]
[EventRounds "9"]
[EventType "swiss"]
[EventDate "2008.05.10"]

1. e4 c5 2. d4 cxd4 3. c3 dxc3 4. Nxc3 d6 5. Bc4 a6 6. Nf3 e6 7. O-O b5 8. Bb3
Bb7 9. Qe2 Be7 10. Rd1 Nd7 11. Bf4 Qb6 12. Be3 Qc7 13. Rac1 Qb8 14. e5 Bxf3 15.
Qxf3 Nxe5 16. Qg3 Ng6 17. Bd4 Nf6 18. a4 b4 19. Ne2 O-O 20. Bc2 Rc8 21. f4 d5
22. Qf3 Nf8 23. g4 N6d7 24. Kh1 Nc5 25. b3 Nb7 26. Bb2 Nd6 27. Ng3 Nd7 28. Nh5
g6 29. Ng3 Bf6 30. Bxf6 Nxf6 31. f5 Rc3 32. Bd3 Nde4 33. fxe6 fxe6 34. Rxc3
Nxc3 35. Rf1 Nce4 36. Nxe4 dxe4 1/2-1/2

[Event "5. ODEM U25 2008"]
[Site "Willingen GER"]
[Date "2008.05.14"]
[Round "6"]
[White "Arps, Jan-Philipp"]
[Black "Bergner, Philipp"]
[Result "1-0"]
[Termination "normal"]
[Board "17"]
[WhiteElo "2027"]
[BlackElo "1749"]
[PlyCount "31"]
[WhiteFideId "24645680"]
[BlackFideId "24664839"]
[EventCountry "GER"]
[EventRounds "9"]
[EventType "swiss"]
[EventDate "2008.05.10"]

1. e4 c5 2. Nc3 d6 3. f4 g6 4. Nf3 Bg7 5. Bc4 e6 6. f5 exf5 7. d3 Ne7 8. O-O
O-O 9. Qe1 Nbc6 10. Qh4 Nd4 11. Bg5 Re8 12. Nd5 Ndc6 13. Nf6+ Bxf6 14. Bxf6 h5
15. Qg5 Kh7 16. Bxf7 1-0

[Event "5. ODEM U25 2008"]
[Site "Willingen GER"]
[Date "2008.05.14"]
[Round "6"]
[White "Werner, Patrick"]
[Black "Weißbeck, Simon"]
[Result "1/2-1/2"]
[Termination "normal"]
[Board "18"]
[WhiteElo "1754"]
[BlackElo "1831"]
[PlyCount "37"]
[WhiteFideId "24601608"]
[BlackFideId "24646865"]
[EventCountry "GER"]
[EventRounds "9"]
[EventType "swiss"]
[EventDate "2008.05.10"]

1. e4 e6 2. d3 c5 3. Nf3 Nc6 4. g3 g6 5. Bg2 Bg7 6. O-O Nge7 7. c3 O-O 8. Be3
d6 9. d4 b6 10. Na3 Ba6 11. Re1 Qc7 12. d5 exd5 13. exd5 Ne5 14. Nxe5 Bxe5 15.
f4 Bg7 16. Qd2 Rfe8 17. g4 f5 18. g5 Rad8 19. Rac1 1/2-1/2

[Event "5. ODEM U25 2008"]
[Site "Willingen GER"]
[Date "2008.05.14"]
[Round "6"]
[White "Koksch, Florian"]
[Black "Schwarzat, Julian"]
[Result "0-1"]
[Termination "normal"]
[Board "19"]
[WhiteElo "1866"]
[BlackElo "1963"]
[PlyCount "68"]
[WhiteFideId "24613584"]
[BlackFideId "24675857"]
[EventCountry "GER"]
[EventRounds "9"]
[EventType "swiss"]
[EventDate "2008.05.10"]

1. e4 e6 2. d4 d5 3. exd5 exd5 4. c4 c6 5. Nf3 Nf6 6. Bg5 Be7 7. Bd3 O-O 8. O-O
Nbd7 9. Nc3 dxc4 10. Bxc4 Nb6 11. Bd3 Bg4 12. Re1 h6 13. Bf4 Nfd5 14. Bd2 Bf6
15. Qc1 Bxf3 16. gxf3 Bg5 17. Bxg5 Qxg5+ 18. Qxg5 hxg5 19. Re5 f6 20. Ree1 Nf4
21. Bf5 Rfe8 22. Kf1 Nc4 23. Rxe8+ Rxe8 24. Ne4 Rd8 25. Ke1 g6 26. Bxg6 Nxg6
27. Nxf6+ Kg7 28. Ne4 Kh6 29. b3 Nd6 30. Nc5 Nf4 31. Rd1 b6 32. Ne4 Re8 33. Kd2
Nxe4+ 34. fxe4 Rxe4 0-1

[Event "5. ODEM U25 2008"]
[Site "Willingen GER"]
[Date "2008.05.14"]
[Round "6"]
[White "Elser, Niklas"]
[Black "Kinzel, Franziska"]
[Result "1/2-1/2"]
[Termination "normal"]
[Board "20"]
[WhiteElo "1858"]
[BlackElo "1526"]
[PlyCount "42"]
[WhiteFideId "24634573"]
[EventCountry "GER"]
[EventRounds "9"]
[EventType "swiss"]
[EventDate "2008.05.10"]

1. e4 c6 2. d4 d5 3. exd5 cxd5 4. c4 Nf6 5. Nc3 Nc6 6. cxd5 Nxd5 7. Bc4 Be6 8.
Bb5 Rc8 9. Nf3 a6 10. Ba4 b5 11. Bb3 Na5 12. Bxd5 Bxd5 13. Nxd5 Qxd5 14. O-O e6
15. a4 Nb3 16. Rb1 bxa4 17. Be3 Bb4 18. Ng5 h6 19. Nh3 Qe4 20. Qe2 Rc6 21. Rbd1
O-O 1/2-1/2

[Event "5. ODEM U25 2008"]
[Site "Willingen GER"]
[Date "2008.05.14"]
[Round "6"]
[White "Huhnstock, Rico"]
[Black "Drewes, Carina"]
[Result "1/2-1/2"]
[Termination "normal"]
[Board "21"]
[WhiteElo "1880"]
[BlackElo "1676"]
[PlyCount "60"]
[WhiteFideId "24642932"]
[BlackFideId "24600296"]
[EventCountry "GER"]
[EventRounds "9"]
[EventType "swiss"]
[EventDate "2008.05.10"]

1. e4 e5 2. Nf3 Nf6 3. Nxe5 d6 4. Nf3 Nxe4 5. Nc3 Nxc3 6. dxc3 Be7 7. Bf4 Bg4
8. h3 Be6 9. Qd2 a6 10. a3 Nc6 11. O-O-O Qd7 12. Be2 O-O-O 13. Nd4 Kb8 14. Nxe6
fxe6 15. Rhe1 Rde8 16. Bg4 Bf6 17. Qe2 Nd8 18. Kb1 Rhf8 19. Bg3 g6 20. f4 Qf7
21. Qc4 Qd7 22. Re2 Re7 23. Rde1 Rfe8 24. h4 Qb5 25. Qe4 Bxc3 26. b3 Bxe1 27.
Rxe1 Qc6 28. Qe2 Qb5 29. Qe4 Qc6 30. Qe2 Qb5 1/2-1/2

[Event "5. ODEM U25 2008"]
[Site "Willingen GER"]
[Date "2008.05.14"]
[Round "6"]
[White "Durmisi, Valon"]
[Black "Kahleys, Kevin"]
[Result "0-1"]
[Termination "normal"]
[Board "22"]
[WhiteElo "1689"]
[BlackElo "1955"]
[PlyCount "104"]
[BlackFideId "24669601"]
[EventCountry "GER"]
[EventRounds "9"]
[EventType "swiss"]
[EventDate "2008.05.10"]

1. e4 e6 2. d4 d5 3. exd5 exd5 4. Nf3 Bd6 5. Bd3 Nc6 6. c3 Nge7 7. Qc2 Bg4 8.
Nbd2 Qd7 9. b3 O-O-O 10. a3 Rde8 11. O-O f6 12. c4 Bf4 13. cxd5 Nxd5 14. Bb5
Re6 15. Qc5 Rhe8 16. Bc4 Rd6 17. Bb5 a6 18. Bd3 Bxf3 19. Nxf3 Bxc1 20. Raxc1 g6
21. Rfe1 Nf4 22. Rxe8+ Qxe8 23. Bc4 b5 24. Bf1 Qd7 25. a4 Nxd4 26. Nxd4 Rxd4
27. axb5 axb5 28. Ra1 Qd5 29. Qf8+ Kd7 30. Qxf6 Ne6 31. Qf7+ Kd6 32. Qxh7 g5
33. Qc2 c6 34. g3 Rd2 35. Qc3 Nd4 36. Qe3 Nc2 37. Qc3 Nxa1 38. Qxa1 Qd4 39. Qe1
Rd1 40. Qe2 Rb1 41. Qf3 Qd1 42. Qg2 Qxb3 43. h4 Qd3 44. hxg5 b4 45. f4 Qxf1+
46. Qxf1 Rxf1+ 47. Kxf1 b3 48. g6 b2 49. g7 b1=Q+ 50. Kg2 Qg6 51. g8=R Qxg8 52.
Kf3 c5 0-1

[Event "5. ODEM U25 2008"]
[Site "Willingen GER"]
[Date "2008.05.14"]
[Round "6"]
[White "Eigemann, Julian"]
[Black "Klebanov, Andrej"]
[Result "1-0"]
[Termination "normal"]
[Board "23"]
[WhiteElo "1604"]
[BlackElo "1850"]
[PlyCount "55"]
[WhiteFideId "24666599"]
[BlackFideId "24669989"]
[EventCountry "GER"]
[EventRounds "9"]
[EventType "swiss"]
[EventDate "2008.05.10"]

1. e4 e6 2. d3 d5 3. Nd2 c5 4. Ngf3 Nc6 5. g3 Bd6 6. Bg2 dxe4 7. dxe4 e5 8. Nc4
Bc7 9. Qxd8+ Kxd8 10. Bg5+ f6 11. O-O-O+ Ke8 12. Be3 b6 13. Nh4 Nge7 14. Rd2
Be6 15. Nd6+ Bxd6 16. Rxd6 Kf7 17. Nf5 Nd4 18. Bxd4 exd4 19. Nxg7 Bxa2 20. Nf5
Be6 21. Nh6+ Kg6 22. Rxe6 Rae8 23. Ng4 Kg7 24. Nxf6 Rc8 25. Nxh7 Kxh7 26. Rxe7+
Kg6 27. Re5 Rc6 28. Kd2 1-0

[Event "5. ODEM U25 2008"]
[Site "Willingen GER"]
[Date "2008.05.14"]
[Round "6"]
[White "Voss, Mathieu"]
[Black "Ackermann, Johannes"]
[Result "0-1"]
[Termination "normal"]
[Board "24"]
[WhiteElo "1452"]
[BlackElo "1902"]
[PlyCount "83"]
[BlackFideId "24663875"]
[EventCountry "GER"]
[EventRounds "9"]
[EventType "swiss"]
[EventDate "2008.05.10"]

1. e4 e5 2. Nc3 Nf6 3. d3 Bc5 4. g3 Nc6 5. Bg2 d6 6. Bg5 h6 7. Bxf6 Qxf6 8. Qf3
Qg6 9. Qd1 Bd7 10. Nge2 a6 11. Qd2 O-O-O 12. a3 h5 13. Rf1 h4 14. O-O-O hxg3
15. Nxg3 Rxh2 16. Rg1 Rdh8 17. Rdf1 Be6 18. Kb1 Qh6 19. Qe2 Nd4 20. Qd1 g6 21.
Nce2 f5 22. Nxd4 Bxd4 23. exf5 Bd7 24. fxg6 Qxg6 25. Qe2 Rf8 26. Qe1 Qf7 27.
Nh1 Qf4 28. Qb4 Bb6 29. Qxf4 Rxf4 30. Be4 Be6 31. Rg2 Rxg2 32. Bxg2 c6 33. Kc1
Kd7 34. c3 d5 35. Kd2 Kd6 36. Kc2 Bg4 37. Kd2 e4 38. d4 Bd8 39. Ke3 Bg5 40. f3
exf3 41. Kf2 fxg2+ 42. Kxg2 0-1

[Event "5. ODEM U25 2008"]
[Site "Willingen GER"]
[Date "2008.05.14"]
[Round "6"]
[White "Neitzel, Mirko"]
[Black "Schätz, Christopher"]
[Result "1/2-1/2"]
[Termination "normal"]
[Board "25"]
[WhiteElo "1720"]
[BlackElo "2033"]
[PlyCount "55"]
[WhiteFideId "24657298"]
[BlackFideId "24623997"]
[EventCountry "GER"]
[EventRounds "9"]
[EventType "swiss"]
[EventDate "2008.05.10"]

1. e4 c5 2. Nf3 d6 3. d4 cxd4 4. Nxd4 Nf6 5. Nc3 Nc6 6. Bg5 e6 7. Qd2 a6 8.
O-O-O Qc7 9. f4 Bd7 10. Bxf6 gxf6 11. f5 O-O-O 12. Kb1 Ne5 13. Be2 h5 14. Rhf1
Bg7 15. h3 Kb8 16. Nf3 Bc6 17. Nxe5 dxe5 18. Bd3 exf5 19. Rxf5 Bd7 20. Rff1 Be6
21. Qf2 Qa5 22. a3 Bf8 23. Qxf6 Bxa3 24. Nd5 Bd6 25. Bc4 Rhg8 26. Ne3 Qc5 27.
Bxe6 fxe6 28. Qf3 1/2-1/2

[Event "5. ODEM U25 2008"]
[Site "Willingen GER"]
[Date "2008.05.14"]
[Round "6"]
[White "Wenninger, Philipp"]
[Black "Huynh, Nhi Lang"]
[Result "1-0"]
[Termination "normal"]
[Board "26"]
[WhiteElo "1868"]
[BlackElo "1778"]
[PlyCount "49"]
[WhiteFideId "4648404"]
[BlackFideId "24669180"]
[EventCountry "GER"]
[EventRounds "9"]
[EventType "swiss"]
[EventDate "2008.05.10"]

1. e4 c5 2. Nf3 Nc6 3. c3 d5 4. exd5 Qxd5 5. d4 Bg4 6. Be2 cxd4 7. cxd4 Rd8 8.
Nc3 Qd6 9. Be3 Nf6 10. O-O e6 11. Qb3 Qb8 12. Rfd1 Nd5 13. Nxd5 exd5 14. h3 Bh5
15. Bg5 f6 16. Qe3+ Be7 17. Bf4 Qc8 18. Ne5 Bxe2 19. Nxc6 Qxc6 20. Qxe2 Kf7 21.
Rac1 Qe8 22. Rc7 Rd7 23. Rdc1 Bd8 24. Qh5+ g6 25. Qxd5+ 1-0

[Event "5. ODEM U25 2008"]
[Site "Willingen GER"]
[Date "2008.05.14"]
[Round "6"]
[White "Jorczik, Andreas"]
[Black "Reichert, Manuel"]
[Result "1/2-1/2"]
[Termination "normal"]
[Board "27"]
[WhiteElo "1820"]
[BlackElo "1946"]
[PlyCount "77"]
[WhiteFideId "24634921"]
[BlackFideId "24674028"]
[EventCountry "GER"]
[EventRounds "9"]
[EventType "swiss"]
[EventDate "2008.05.10"]

1. d4 Nf6 2. c4 e6 3. Nc3 Bb4 4. Bg5 h6 5. Bh4 c5 6. e3 d6 7. Nf3 Bxc3+ 8. bxc3
Nbd7 9. Qc2 e5 10. Nd2 Qe7 11. Ne4 exd4 12. Nxf6+ Nxf6 13. Bxf6 Qxf6 14. cxd4
O-O 15. Rd1 Re8 16. Be2 Bf5 17. Bd3 Bg4 18. Be2 Bxe2 19. Qxe2 Rac8 20. Qb2 cxd4
21. Qxd4 Qxd4 22. Rxd4 Rc6 23. O-O Rec8 24. Rc1 b5 25. Kf1 bxc4 26. Ke2 Kf8 27.
Kd2 Ke7 28. Kc3 Ke6 29. e4 Ra6 30. Rc2 Rac6 31. Rb2 R8c7 32. Rb4 Ke5 33. g3 g5
34. f3 Rc5 35. Rbxc4 f6 36. Rxc5+ Rxc5+ 37. Rc4 Ra5 38. a4 d5 39. exd5 1/2-1/2

[Event "5. ODEM U25 2008"]
[Site "Willingen GER"]
[Date "2008.05.14"]
[Round "6"]
[White "Fernschild, Daniel"]
[Black "Plank, Michael"]
[Result "1/2-1/2"]
[Termination "normal"]
[Board "28"]
[WhiteElo "1877"]
[BlackElo "1741"]
[PlyCount "74"]
[WhiteFideId "4624513"]
[BlackFideId "4671716"]
[EventCountry "GER"]
[EventRounds "9"]
[EventType "swiss"]
[EventDate "2008.05.10"]

1. d4 d5 2. Nf3 Nf6 3. e3 e6 4. Bd3 c5 5. c3 Nc6 6. Nbd2 Bd6 7. O-O O-O 8. Re1
b6 9. e4 dxe4 10. Nxe4 cxd4 11. Nxf6+ gxf6 12. Qd2 f5 13. Qh6 f6 14. cxd4 Nb4
15. Bb1 Qc7 16. Bd2 Nd5 17. Bd3 Qg7 18. Qxg7+ Kxg7 19. Rac1 Kf7 20. Bb5 Bb7 21.
Bc6 Bxc6 22. Rxc6 Ke7 23. Nh4 Kd7 24. Rec1 Rac8 25. Rxc8 Rxc8 26. Rxc8 Kxc8 27.
g3 Kd7 28. Kf1 Kc6 29. Ke2 Nc7 30. Kd3 Nd5 31. a3 Kb5 32. Bc1 Ka4 33. Kc2 Kb5
34. Kd3 a6 35. Bd2 Ka4 36. Kc2 Kb5 37. Kd3 Ka4 1/2-1/2